00609 2200229 4500001002100000005001500021035002000036007000300056008004100059020000800100082001000108084001600118100001500134245004800149250002000197260003100217300004800248700002900296520000800325600001000333856003600343INLIS00000000113889720220121092618 a0010-0122004049ta220121 c 0 ind  a... aF Rin aF Rin RIN h0 aRin Minato1 aHappy Dining Table :bOut Now /cRin Minato aCetakan Pertama aJAKARTA :bGramedia,c2009 a135 hlaman :bilustrasi ;c4 x 7 cmeKertas0 aEditor : Widya Erweniati a... 4aKomik aPerpustakaan Umum Kota Makassar